Normal view
MARC view
Entry Personal Name
001 - CONTROL NUMBER
- control field: 52576
003 - CONTROL NUMBER IDENTIFIER
- control field: ARRUPE
005 - DATE AND TIME OF LATEST TRANSACTION
- control field: 20240312143344.0
008 - FIXED-LENGTH DATA ELEMENTS
- fixed length control field: 240312|| aca||aabn | a|a d
040 ## - CATALOGING SOURCE
- Original cataloging agency: ARRUPE
- Transcribing agency: ARRUPE
100 ## - HEADING--PERSONAL NAME
- Personal name: Mckee.David L
670 ## - SOURCE DATA FOUND
- Source citation: Work cat.: (ARRUPE)131844: Mckee.David L, Schumpeter and the political economy of change;, 1991.